Washington University journal of urban and contemporary law.

Bibliographic Details
New Title:Washington University journal of law and policy
Previous Title:Urban law annual
Corporate Author: Washington University (Saint Louis, Mo.)
Format: Journal
Language:English
Published: St. Louis, Mo. : Washington University School of Law, 1983-
Subjects:

MARC

Tag First Indicator Second Indicator Subfields
LEADER 00000cas a2200000 a 4500
001 in00000516005
005 20151013080616.0
008 830608d19831999moufr p g 0uuua0eng d
010 |a  84649378   |z sc 83001890   |z sn 83012138  
035 |a (OCoLC)09588381 
035 |9 ACF0059AM 
040 |a FML  |c FML  |d NST  |d HUL  |d DLC  |d NST  |d DLC  |d AIP  |d TXA  |d UtOrBLW 
042 |a lc  |a nsdp 
043 |a n-us--- 
049 |a TXAE 
090 |a KF5691.A152  |b U7 
210 0 |a Wash. Univ. j. urban contemp. law 
222 0 |a Washington University journal of urban and contemporary law 
245 0 0 |a Washington University journal of urban and contemporary law. 
246 1 8 |a Journal of urban and contemporary law 
264 1 |a St. Louis, Mo. :  |b Washington University School of Law,  |c 1983- 
264 4 |c ©1999 
300 |a 32 volumes ;  |c 25 cm. 
310 |a Semiannual 
336 |a text  |b txt  |2 rdacontent 
337 |a unmediated  |b n  |2 rdamedia 
338 |a volume  |b nc  |2 rdacarrier 
362 0 |a Vol. 24-v. 55 (winter 1999). 
500 |a Title from cover. 
510 0 |a Public Affairs Information Service bulletin  |x 0033-3409 
650 0 |a City planning and redevelopment law  |z United States  |v Periodicals. 
650 0 |a Municipal corporations  |z United States  |v Periodicals. 
710 2 |a Washington University (Saint Louis, Mo.) 
780 0 0 |t Urban law annual  |w (DLC) 78001667  |w (OCoLC)1768867 
785 0 0 |t Washington University journal of law and policy  |w (DLC)sn 99049212  |w (OCoLC)42771015 
949 |a updated  |b h  |c 2000/10/19  |e coplinger  |f 1:28:30 pm 
999 |a MARS 
999 f f |s bff125c7-d1d0-325a-9960-b082201333ce  |i ab8895e2-7451-3635-a81d-eee73a038135  |t 0 
952 f f |p ric  |a Texas A&M University  |b Rellis Campus  |c Joint Library Facility  |d Remote Storage  |t 0  |e KF5691.A152 U7  |h Library of Congress classification  |i unmediated -- volume  |k v.29  |l 1985  |m A14809237902 
952 f f |p ric  |a Texas A&M University  |b Rellis Campus  |c Joint Library Facility  |d Remote Storage  |t 0  |e KF5691.A152 U7  |h Library of Congress classification  |i unmediated -- volume  |k v.36  |l 1989:Fall  |m A14812226279 
952 f f |p ric  |a Texas A&M University  |b Rellis Campus  |c Joint Library Facility  |d Remote Storage  |t 0  |e KF5691.A152 U7  |h Library of Congress classification  |i unmediated -- volume  |k v.41  |l 1992  |m A14815413281 
952 f f |p ric  |a Texas A&M University  |b Rellis Campus  |c Joint Library Facility  |d Remote Storage  |t 0  |e KF5691.A152 U7  |h Library of Congress classification  |i unmediated -- volume  |k v.35  |l 1989:Spring  |m A14811293702 
952 f f |p ric  |a Texas A&M University  |b Rellis Campus  |c Joint Library Facility  |d Remote Storage  |t 0  |e KF5691.A152 U7  |h Library of Congress classification  |i unmediated -- volume  |k v.49  |l 1996:Summer  |m A14822165205 
952 f f |p ric  |a Texas A&M University  |b Rellis Campus  |c Joint Library Facility  |d Remote Storage  |t 0  |e KF5691.A152 U7  |h Library of Congress classification  |i unmediated -- volume  |k v.54  |l 1998:Summer  |m A14826009029 
952 f f |p ric  |a Texas A&M University  |b Rellis Campus  |c Joint Library Facility  |d Remote Storage  |t 0  |e KF5691.A152 U7  |h Library of Congress classification  |i unmediated -- volume  |k v.47  |l 1995  |m A14820193529 
952 f f |p ric  |a Texas A&M University  |b Rellis Campus  |c Joint Library Facility  |d Remote Storage  |t 0  |e KF5691.A152 U7  |h Library of Congress classification  |i unmediated -- volume  |k v.50  |l 1996:Fall  |m A14822165190 
952 f f |p ric  |a Texas A&M University  |b Rellis Campus  |c Joint Library Facility  |d Remote Storage  |t 0  |e KF5691.A152 U7  |h Library of Congress classification  |i unmediated -- volume  |k v.42  |l 1992  |m A14815970128 
952 f f |p ric  |a Texas A&M University  |b Rellis Campus  |c Joint Library Facility  |d Remote Storage  |t 0  |e KF5691.A152 U7  |h Library of Congress classification  |i unmediated -- volume  |k v.46  |l 1994:Summer  |m A14822165166 
952 f f |p ric  |a Texas A&M University  |b Rellis Campus  |c Joint Library Facility  |d Remote Storage  |t 0  |e KF5691.A152 U7  |h Library of Congress classification  |i unmediated -- volume  |k v.40  |l 1991  |m A14814716610 
952 f f |p ric  |a Texas A&M University  |b Rellis Campus  |c Joint Library Facility  |d Remote Storage  |t 0  |e KF5691.A152 U7  |h Library of Congress classification  |i unmediated -- volume  |k v.34  |l 1988  |m A14811291514 
952 f f |p ric  |a Texas A&M University  |b Rellis Campus  |c Joint Library Facility  |d Remote Storage  |t 0  |e KF5691.A152 U7  |h Library of Congress classification  |i unmediated -- volume  |k v.39  |l 1991  |m A14813714267 
952 f f |p ric  |a Texas A&M University  |b Rellis Campus  |c Joint Library Facility  |d Remote Storage  |t 0  |e KF5691.A152 U7  |h Library of Congress classification  |i unmediated -- volume  |k v.51  |l 1997:Winter  |m A14823519449 
952 f f |p ric  |a Texas A&M University  |b Rellis Campus  |c Joint Library Facility  |d Remote Storage  |t 0  |e KF5691.A152 U7  |h Library of Congress classification  |i unmediated -- volume  |k v.31  |l 1987:Winter  |m A14810121520 
952 f f |p ric  |a Texas A&M University  |b Rellis Campus  |c Joint Library Facility  |d Remote Storage  |t 0  |e KF5691.A152 U7  |h Library of Congress classification  |i unmediated -- volume  |k v.27  |l 1984  |m A14808327055 
952 f f |p ric  |a Texas A&M University  |b Rellis Campus  |c Joint Library Facility  |d Remote Storage  |t 0  |e KF5691.A152 U7  |h Library of Congress classification  |i unmediated -- volume  |k v.32  |l 1987  |m A14811247230 
952 f f |p ric  |a Texas A&M University  |b Rellis Campus  |c Joint Library Facility  |d Remote Storage  |t 0  |e KF5691.A152 U7  |h Library of Congress classification  |i unmediated -- volume  |k v.33  |l 1988  |m A14811101769 
952 f f |p ric  |a Texas A&M University  |b Rellis Campus  |c Joint Library Facility  |d Remote Storage  |t 0  |e KF5691.A152 U7  |h Library of Congress classification  |i unmediated -- volume  |k v.48  |l 1995:Summer  |m A14822165182 
952 f f |p ric  |a Texas A&M University  |b Rellis Campus  |c Joint Library Facility  |d Remote Storage  |t 0  |e KF5691.A152 U7  |h Library of Congress classification  |i unmediated -- volume  |k v.44  |l 1993:Summer/Fall  |m A14822165158 
952 f f |p ric  |a Texas A&M University  |b Rellis Campus  |c Joint Library Facility  |d Remote Storage  |t 0  |e KF5691.A152 U7  |h Library of Congress classification  |i unmediated -- volume  |k v.52  |l 1997:Summer  |m A14823637687 
952 f f |p ric  |a Texas A&M University  |b Rellis Campus  |c Joint Library Facility  |d Remote Storage  |t 0  |e KF5691.A152 U7  |h Library of Congress classification  |i unmediated -- volume  |k v.37  |l 1990:Spring  |m A14812289633 
952 f f |p ric  |a Texas A&M University  |b Rellis Campus  |c Joint Library Facility  |d Remote Storage  |t 0  |e KF5691.A152 U7  |h Library of Congress classification  |i unmediated -- volume  |k v.25  |l 1983  |m A14807957140 
952 f f |p ric  |a Texas A&M University  |b Rellis Campus  |c Joint Library Facility  |d Remote Storage  |t 0  |e KF5691.A152 U7  |h Library of Congress classification  |i unmediated -- volume  |k v.53  |l 1998:Winter  |m A14826150977 
952 f f |p ric  |a Texas A&M University  |b Rellis Campus  |c Joint Library Facility  |d Remote Storage  |t 0  |e KF5691.A152 U7  |h Library of Congress classification  |i unmediated -- volume  |k v.26  |l 1984  |m A14808209809 
952 f f |p ric  |a Texas A&M University  |b Rellis Campus  |c Joint Library Facility  |d Remote Storage  |t 0  |e KF5691.A152 U7  |h Library of Congress classification  |i unmediated -- volume  |k v.24  |l 1983  |m A14807212045 
952 f f |p ric  |a Texas A&M University  |b Rellis Campus  |c Joint Library Facility  |d Remote Storage  |t 0  |e KF5691.A152 U7  |h Library of Congress classification  |i unmediated -- volume  |k v.43  |l 1993  |m A14819775897 
952 f f |p ric  |a Texas A&M University  |b Rellis Campus  |c Joint Library Facility  |d Remote Storage  |t 0  |e KF5691.A152 U7  |h Library of Congress classification  |i unmediated -- volume  |k v.45  |l 1994:Winter  |m A14822165174 
952 f f |p ric  |a Texas A&M University  |b Rellis Campus  |c Joint Library Facility  |d Remote Storage  |t 0  |e KF5691.A152 U7  |h Library of Congress classification  |i unmediated -- volume  |k v.55  |l 1999  |m A14826792779 
952 f f |p ric  |a Texas A&M University  |b Rellis Campus  |c Joint Library Facility  |d Remote Storage  |t 0  |e KF5691.A152 U7  |h Library of Congress classification  |i unmediated -- volume  |k v.30  |l 1986  |m A14809395920 
952 f f |p ric  |a Texas A&M University  |b Rellis Campus  |c Joint Library Facility  |d Remote Storage  |t 0  |e KF5691.A152 U7  |h Library of Congress classification  |i unmediated -- volume  |k v.38  |l 1990:Fall  |m A14812285273 
952 f f |p ric  |a Texas A&M University  |b Rellis Campus  |c Joint Library Facility  |d Remote Storage  |t 0  |e KF5691.A152 U7  |h Library of Congress classification  |i unmediated -- volume  |k v.28  |l 1985  |m A14808415654 
998 f f |a KF5691.A152 U7  |s v.24-55 (1983-1999)  |t 0  |l Remote Storage